000 00474nam a2200133 4500
999 _c13998
_d13998
008 190724b ||||| |||| 00| 0 eng d
082 _aDPer 050 T48 Apr-June 2016 v. 187 n. 12-24
100 _aFurstenberg, Diane von.
_938949
245 _aKarlie Kloss:
_bthe model millennial/
_cDiane von Furstenberg.
260 _aHong Kong:
_bTime Asia,
_cc2016.
300 _av187 n16-17, pages 94-95:
_billustrations;
_c27 cm.
650 _aFashion models.
_938950
942 _2ddc
_cPER